99 Marvel Superheroes - Statistics

General Stats
  • This quiz has been taken 2,013 times
  • The average score is 40 of 99
Answer Stats
Answer % Correct
Iron Man
98%
Captain America
96%
Hulk
96%
Thor
95%
Spider-Man
94%
Black Widow
92%
Hawk-eye
89%
Wolverine
88%
Black Panther
81%
Ant-Man
79%
Scarlet Witch
77%
Captain Marvel
75%
Cyclops
75%
Human Torch
74%
Mr. Fantastic
73%
Quicksilver
73%
Thing
73%
Wasp
73%
Daredevil
72%
Deadpool
72%
Groot
72%
Rocket Raccoon
72%
Starlord
72%
Gamora
71%
Invisible Woman
71%
Marvel Girl
71%
Falcon
69%
Drax
68%
Beast
67%
Storm
67%
Vision
67%
Doctor Strange
64%
War Machine
64%
Luke Cage
61%
Iron FIst
60%
Iceman
59%
She-Hulk
54%
Rogue
53%
Ms. Marvel
52%
Nightcrawler
52%
Colossus
51%
Punisher
50%
Spider-Woman
46%
Ghost Rider
45%
Angel
44%
Gambit
43%
Elektra
40%
Moon Knight
40%
Blade
35%
Cable
33%
Namor
31%
Nova
29%
Black Bolt
28%
Havok
27%
Shadowcat
27%
Captain Britain
26%
Psylocke
24%
Banshee
22%
Bishop
21%
Medusa
21%
Hercules
20%
Giant Man
18%
Sif
18%
Wonder Man
18%
Domino
17%
Black Cat
16%
Black Knight
15%
Cloak
15%
Sunspot
15%
Dagger
14%
Cannonball
13%
Lockjaw
11%
Mockingbird
11%
Sunfire
9%
Tigra
9%
Beta Ray Bill
8%
Blink
8%
Fandral
8%
Volstagg
8%
Warpath
8%
Hogun
7%
Karnak
7%
Quasar
7%
Sersi
7%
Wolfsbane
7%
Gorgon
6%
Ka-Zar
5%
Longshot
5%
Multiple Man
5%
Shatterstar
5%
Union Jack
4%
Baldur
3%
Darkhawk
3%
Morph
3%
Starfox
3%
Strong Guy
3%
Angela
2%
Stingray
2%
Fantomex
1%
No matching quizzes found
Score Distribution
Percent of People with Each Score
Percentile by Number Answered
Your Score History
You have not taken this quiz